| 000 | 00337nam a22001337a 4500 | ||
|---|---|---|---|
| 020 | _qHB. | ||
| 040 | _cFIZZA ISHAQ | ||
| 082 |
_a628.16 _bRAV |
||
| 100 |
_aSPOON,RAVEN. _9111534 |
||
| 245 |
_aWATER QUALITY ASSESSMENT AND TREATMENT / _cRAVEN SPOON. |
||
| 260 |
_aSTATES ACADEMIC PRESS ; _c2021. |
||
| 300 | _a249 P. ; | ||
| 942 |
_2ddc _cBK |
||
| 999 |
_c594370 _d594370 |
||